000 00609 a2200181 4500
999 _c9862
_d9862
022 _Ino issn
050 _aJQ 2929 GUI 2014
100 _aInternational Commision of Jurists (I.C.J.)
_eCorporate or editorial board
110 _aI.C.J.
245 _aA guide for the litigation of economic ,social and cultural rights in Zimbabwe /
264 _aSwitzerland:
_bI.C.J.
_c2014
300 _a243p.:
500 _aIncludes bibliographical references and index
650 _aJournalism--
_xZimbabwe
650 _aHuman rights --
_xZimbabwe
650 _aPolitical activists
942 _2lcc
_cSERIALS
_h2929
_iGUI
_kJQ